The Hong Kong Satellite Positioning Reference Station Network (SatRef) (Record no. 116228)

MARC details
000 -LEADER
fixed length control field 01765cad a22002895a 4500
001 - CONTROL NUMBER
control field L160113
008 - FIXED-LENGTH DATA ELEMENTS--GENERAL INFORMATION
fixed length control field 100611s2009 xxk f 000 0 eng d
035 ## - SYSTEM CONTROL NUMBER
System control number (Sirsi) u160113
041 0# - LANGUAGE CODE
Language code of text/sound track or separate title eng
110 2# - MAIN ENTRY--CORPORATE NAME
Corporate name or jurisdiction name as entry element Federation International Des Geometres
111 2# - MAIN ENTRY--MEETING NAME
Meeting name or jurisdiction name as entry element FIG Regional Conference
Number [OBSOLETE] Hanoi, Vietnam
Date of meeting or treaty signing 19-22 October 2009
245 04 - TITLE STATEMENT
Title The Hong Kong Satellite Positioning Reference Station Network (SatRef)
Remainder of title System configurations, applications and services
Medium [electronic resource]
260 ## - PUBLICATION, DISTRIBUTION, ETC.
Place of publication, distribution, etc. Hanoi
Name of publisher, distributor, etc. FIG
Date of publication, distribution, etc. 2009
520 ## - SUMMARY, ETC.
Summary, etc. Introduces the configuration, services and applications of the SatRef System. The SatRef System is able to collect GPS raw data continuously and provides round the clock (24X7) GPS correctional signals to users. The System services includes downloading of GPS raw data in RINEX format on Internet; real-time single-RTK, Network-RTK and DGPS data via GSM/GPRS mobile phone or Internet. Apart from GPS data delivery services, the System also provides an Automatic GPS Computation service to facilitate users to determine the positions they required by submitting their GPS observation data to the System.
521 ## - TARGET AUDIENCE NOTE
Target audience note Advanced
590 ## - LOCAL NOTE (RLIN)
Local note KA
650 24 - SUBJECT ADDED ENTRY--TOPICAL TERM
Topical term or geographic name entry element GPS
650 24 - SUBJECT ADDED ENTRY--TOPICAL TERM
Topical term or geographic name entry element SATELLITE POSITIONING SYSTEMS
650 24 - SUBJECT ADDED ENTRY--TOPICAL TERM
Topical term or geographic name entry element INFRASTRUCTURE
9 (RLIN) 6246
651 #4 - SUBJECT ADDED ENTRY--GEOGRAPHIC NAME
Geographic name Hong Kong
690 ## - LOCAL SUBJECT ADDED ENTRY--TOPICAL TERM (OCLC, RLIN)
Topical term or geographic name as entry element Geomatics
9 (RLIN) 6242
700 1# - ADDED ENTRY--PERSONAL NAME
Personal name Chi-hung, Ben Li
700 1# - ADDED ENTRY--PERSONAL NAME
Personal name Chan, Kin-kwok
856 40 - ELECTRONIC LOCATION AND ACCESS
Uniform Resource Identifier <a href="https://www.fig.net/resources/proceedings/fig_proceedings/fig2007/papers/ts_5a/ts05a_04_chan_li_1332.pdf">https://www.fig.net/resources/proceedings/fig_proceedings/fig2007/papers/ts_5a/ts05a_04_chan_li_1332.pdf</a>
Public note View the paper free of charge at www.fig.net
856 40 - ELECTRONIC LOCATION AND ACCESS
Uniform Resource Identifier <a href="https://www.rics.org/Global/Downloads/The_Hong_Kong_Satellite_Positioning_Reference_Station_Network_s_kwok.pdf">https://www.rics.org/Global/Downloads/The_Hong_Kong_Satellite_Positioning_Reference_Station_Network_s_kwok.pdf</a>
Public note View the presentation free of charge at www.rics.org
942 ## - ADDED ENTRY ELEMENTS (KOHA)
Suppress in OPAC 0
Source of classification or shelving scheme Dewey Decimal Classification
Holdings
Withdrawn status Lost status Source of classification or shelving scheme Damaged status Not for loan Home library Current library Shelving location Date acquired Total Checkouts Full call number Barcode Date last seen Copy number Price effective from Koha item type
    Dewey Decimal Classification     Virtual Virtual Online 24/05/2018   ONLINE PUBLICATION 160113-2001 06/08/2019 1 06/08/2019 Book